| 000 | 00853cam a2200289 a 4500 | ||
|---|---|---|---|
| 020 | _a0471117080 | ||
| 020 | _a0471166421 (vol. 1) | ||
| 020 | _a0471166391 (vol. 2) | ||
| 020 | _a0471166405 (vol. 3) | ||
| 020 | _a0471166367 (vol. 4) | ||
| 020 | _a0471166359 (vol. 5) | ||
| 020 | _a0471166324 (vol. 6) | ||
| 020 | _a0471166316 (vol. 7) | ||
| 020 | _a0471166294 (vol. 8) | ||
| 040 | _cDLC | ||
| 082 | 0 | 0 | _a628 WIL 1998 A091 Or. |
| 245 | 0 | 0 | _aEncyclopedia of environmental analysis and remediation / |
| 246 | 3 | 0 | _aEnvironmental analysis and remediation |
| 260 |
_aNew York : _bWiley, _cc1998 |
||
| 300 |
_a8 v. : _bill., maps ; _c29 cm |
||
| 500 | _a"A Wiley-Interscience publication." | ||
| 650 | 0 | _aEnvironmental sciences | |
| 650 | 0 | _aPollution | |
| 650 | 0 | _aEnvironmental protection | |
| 700 | 1 | _aMeyers, Robert A. | |
| 942 | _cEK | ||
| 999 |
_c15600 _d15600 |
||